Biggest Cities in Iceland - Statistics

General Stats
  • This quiz has been taken 10 times
  • The average score is 3 of 15
Answer Stats
Population City % Correct
240.000 Reykjavík
100%
22.000 Keflavík og Njardvík
44%
8.200 Akranes
33%
20.000 Akureyri
33%
2.700 Ísafjördur
22%
10.000 Selfoss
22%
2.100 Borgarnes
11%
2.600 Egilsstadir
11%
2.500 Álftanes
0%
3.600 Grindavík
0%
2.400 Húsavík
0%
3.300 Hveragerdi
0%
2.000 Porlákshöfn
0%
2.600 Saudárkrógur
0%
4.400 Vestmannaeyjar
0%
No matching quizzes found
Score Distribution
Percent of People with Each Score
Percentile by Number Answered
Your Score History
You have not taken this quiz